000 00743nam a2200217 i 4500
001 25654
003 ES-MaACL
005 20260301175639.0
007 t|
008 021227s1879 it ||||1| ita d
100 1 _aAriosto, Lodovico,
_d1474-1533
_922846
245 1 0 _aSatire /
_cdi Lodovico Ariosto, Salvator Rosa, Benedetto Menzini, Vittorio Alfieri ; con prefazione e note [di Francesco Costero].
260 _aMilano :
_bEdoardo Sonzogno,
_c1879.
300 _a258 p. ;
_c17 cm.
700 1 _aRosa, Salvator.
_999609
700 1 _aMenzini, Benedetto.
_980397
700 1 _aAlfieri, Vittorio,
_d1749-1803
_919840
700 1 _aCostèro, Francesco,
_d1818-1881
_941149
852 _aES-MaACL
_jF-10622
999 _c25654
_d25654